| 000 | 00401nam a2200169Ia 4500 | ||
|---|---|---|---|
| 008 | 230524s9999 xx 000 0 und d | ||
| 020 | _a9788131501740 | ||
| 082 |
_a650.016 _bOZE |
||
| 100 | _aEffy Oz | ||
| 245 | 0 | _aManagement Information Systems | |
| 250 | _aIST | ||
| 260 |
_aNEW DELHI _bCengage _c2006 |
||
| 300 | _aX;436 | ||
| 500 | _aQuantity Number: 30 | ||
| 650 | _aComp-Sc | ||
| 942 | _cBK | ||
| 999 |
_c42653 _d42653 |
||